Giáo trình khí cụ điện : ( Dùng cho các trường đại học khối công nghệ )

Nội dung sách giới thiệu về phát nóng trong khí cụ điện, lực điện dộng, tiếp xúc điện và mạch từ.

Gespeichert in:
Bibliographische Detailangaben
1. Verfasser: Hồ, Xuân Thanh
Format: Buch
Sprache:Undetermined
Veröffentlicht: Thành phố Hồ Chí Minh Đại học Quốc gia Thành phố Hồ Chí Minh 2010
Schlagworte:
Tags: Tag hinzufügen
Keine Tags, Fügen Sie den ersten Tag hinzu!
Thư viện lưu trữ: Trung tâm Học liệu Trường Đại học Cần Thơ
LEADER 00954nam a2200217Ia 4500
001 CTU_142051
008 210402s9999 xx 000 0 und d
020 |c 60000 
082 |a 621.31 
082 |b Th107 
100 |a Hồ, Xuân Thanh 
245 0 |a Giáo trình khí cụ điện : 
245 0 |b ( Dùng cho các trường đại học khối công nghệ ) 
245 0 |c Hồ Xuân Thanh, Phạm Xuân Hổ 
260 |a Thành phố Hồ Chí Minh 
260 |b Đại học Quốc gia Thành phố Hồ Chí Minh 
260 |c 2010 
520 |a Nội dung sách giới thiệu về phát nóng trong khí cụ điện, lực điện dộng, tiếp xúc điện và mạch từ. 
650 |a Electrical engineering,Electric apparatus and appliances,Kỹ thuật điện,Khí cụ điện 
904 |i QHieu 
980 |a Trung tâm Học liệu Trường Đại học Cần Thơ